Дело о поднесении государю императору сочинения профессора Аргеляндера

Доступно только в Электронных читальных залах Найти на картеНа карте
RUSMARC
00003629nmc2a22002533x 450
0015803ec18-80a3-455a-a873-ab2edec9dd77
00520251022143129.0
100##$a20250418l18441844k l0rusy0189 ca
1010#$arus
$ager
102##$aRU
105##$ay###
1222#$ad
2001#$aДело о поднесении государю императору сочинения профессора Аргеляндера
$j26-28 февраля 1844 г.
215##$a8 л.
$d36,5х26 см
251##$cДело
300##$aНа обложке указано: "№21"
300##$aНа русском и немецком языках
371##$aДокумент не является опубликованным и широко распространяемым
461#0$10012b5b8419-5ce4-4d16-a7a3-85720a295f1f
$12001
$aКанцелярия министра народного просвещения
$1251
$cФонд
$1852
$j735
462#0$1001562cc287-b13c-4f02-8029-f81535ba1e2e
$12001
$aКанцелярия министра народного просвещения
$1251
$cОпись
$1852
$j2
801#0$aRU
$bРГИА
$c20250418
$gRCR
801#1$aRU
$bГлавНИВЦ
$c20250418
$2rusmarc
801#2$aRU
$bПБ им. Б.Н. Ельцина
$c20251022
$gRCR
$2rusmarc
850##$aРГИА
852##$aРГИА
$eФедеральное казенное учреждение "Российский государственный исторический архив" (РГИА)
$j455
937##$hРГИА
$d12421354
$aASBIBLIO_SCAN
035##$aRusGRCC00085444
856##$uhttp://readingroom.main.prlib.ru/item.aspx?id_node=n198602171&mode=full
Формат отображения